Taking Stock of Industrial Ecology (Record no. 65902)

MARC details
000 -LEADER
fixed length control field 00712nam a2200193Ii 4500
008 - FIXED-LENGTH DATA ELEMENTS--GENERAL INFORMATION
fixed length control field 221202s xx 000 0 und d
245 #0 - TITLE STATEMENT
Title Taking Stock of Industrial Ecology
264 #1 - PRODUCTION, PUBLICATION, DISTRIBUTION, MANUFACTURE, AND COPYRIGHT NOTICE
Place of production, publication, distribution, manufacture Cham
Name of producer, publisher, distributor, manufacturer Springer Nature
Date of production, publication, distribution, manufacture, or copyright notice 2015
300 ## - PHYSICAL DESCRIPTION
Extent 1 online resource (362 pages)
336 ## - CONTENT TYPE
Content type term text
Content type code txt
Source rdacontent
337 ## - MEDIA TYPE
Media type term computer
Media type code c
Source rdamedia
338 ## - CARRIER TYPE
Carrier type term online resource
Carrier type code cr
Source rdacarrier
520 ## - SUMMARY, ETC.
Summary, etc. Sustainable Development
653 ## - INDEX TERM--UNCONTROLLED
Uncontrolled term Sustainable Development
700 1# - ADDED ENTRY--PERSONAL NAME
Personal name Clift, Roland
700 1# - ADDED ENTRY--PERSONAL NAME
Personal name Druckman, Angela
856 ## - ELECTRONIC LOCATION AND ACCESS
Uniform Resource Identifier <a href="https://library.oapen.org/bitstream/20.500.12657/27948/1/1002051.pdfhttp://link.springer.com/978-3-319-20571-7http://library.oapen.org/handle/20.500.12657/27948">https://library.oapen.org/bitstream/20.500.12657/27948/1/1002051.pdfhttp://link.springer.com/978-3-319-20571-7http://library.oapen.org/handle/20.500.12657/27948</a>
942 ## - ADDED ENTRY ELEMENTS (KOHA)
Koha item type E-Book
Holdings
Withdrawn status Damaged status Not for loan Home library Current library Date acquired Total Checkouts Date last seen Price effective from Koha item type
      Directory of Open Access Books Directory of Open Access Books 11/28/2022   11/28/2022 11/28/2022 E-Book

University of Rizal System
Email us at univlibservices@urs.edu.ph

Visit our Website www.urs.edu.ph/library